000 00730cam a2200217 4500
001 B2134
008 090401t1988 xxu||||| |||| 00| 0 eng d
035 _a(Sirsi) u48192
041 _aeng
050 _a692.3
110 _aIrish Auctioneers and Valuers Institute
_92791
245 _aMeasuring practice guidance notes: a recommended guide for surveyors and valuers
260 _aDublin
_bIrish Auctioneers and Valuers Institute
_c1988
300 _a12p. ; 21cm.
350 _a0
650 _aMeasurement
_96256
710 _aIncorporated Society of Valuers and Auctioneers Republic ofIreland Branch
_93385
710 _aSociety of Chartered Surveyors in the Republic of Ireland
_91971
942 _n0
948 _c04/03/1997
999 _c92296
_d92296